| 000 | 01405cam a22002175a 4500 | ||
|---|---|---|---|
| 001 | E140622 | ||
| 008 | 071002s2007 stk g 000 0 eng d | ||
| 020 | _a9781853975295 | ||
| 035 | _a(Sirsi) u140622 | ||
| 041 | 0 | _aeng | |
| 050 | 0 | 4 | _a333.7 $2 18 |
| 110 | 2 |
_aScottish Landscape Forum _95363 |
|
| 245 | 0 | 0 |
_aScotland's living landscapes _bplaces for people _bthe Scottish Landscape Forum's report to Scottish ministers _h[electronic resource] |
| 260 |
_aInverness _bScottish Landscape Forum _c2007 |
||
| 300 |
_a80p. _c45cm. |
||
| 520 | _aReports on the outcome of a short but intensive period of work by the Forum, which comprises public and non-governmental bodies, with a common interest in the future well-being, management and use of Scotland?s landscape resource and the emerging consensus on the need for renewed effort for Scotland's landscapes. Maps out the actions required by setting out 22 recommendations focusing on making Scotland a landscape leader, supporting communities and their landscapes, enhancing effort on landscape management and strengthening the position of landscape in policy. | ||
| 651 | 4 |
_aScotland _y1999- |
|
| 690 | _aENVIRONMENTAL AND LAND CONSULTANCY-ENVIRONMENTAL MANAGEMENT-ENVIRONMENTAL CONSERVATION-LANDSCAPE CONSERVATION | ||
| 856 | 4 | 1 |
_uhttps://www.snh.org.uk/strategy/landscapes/default.asp _zView the report free of charge at www.snh.org.uk... |
| 942 | _n0 | ||
| 999 |
_c107522 _d107522 |
||